[Event "4th Isthmia Open 2014"]
[Site "Vrachati GRE"]
[Date "2014.08.19"]
[Round "2.1"]
[White "Kelires, Andreas"]
[Black "Delchev, Aleksander"]
[Result "0-1"]
[BlackTitle "GM"]
[WhiteElo "2216"]
[BlackElo "2655"]
[WhiteFideId "5900727"]
[BlackFideId "2900394"]
[EventDate "2014.08.18"]

1. d4 Nf6 2. c4 e6 3. g3 Bb4+ 4. Nd2 d5 5. Bg2 O-O 6. Nf3 dxc4 7. Qc2 a5 8. O-O
b5 9. a3 Be7 10. b3 cxb3 11. Nxb3 Bb7 12. Bd2 Be4 13. Qb2 Nc6 14. Bf4 Nd5 15.
Nbd2 Bxf3 16. Nxf3 b4 17. axb4 axb4 18. Bd2 Ra3 19. Rac1 Qd7 20. e4 Nb6 21. Qc2
Nxd4 22. Nxd4 Qxd4 23. Be3 Rxe3 24. fxe3 Qxe3+ 25. Kh1 c5 26. Rce1 Qd4 27. e5 c4
28. Re4 Qc5 29. Qe2 c3 30. Qf3 c2 31. Ree1 Bg5 0-1

[Event "4th Isthmia Open 2014"]
[Site "Vrachati GRE"]
[Date "2014.08.19"]
[Round "2.2"]
[White "Postny, Evgeny"]
[Black "Vragoteris, Antonios"]
[Result "1-0"]
[WhiteTitle "GM"]
[BlackTitle "FM"]
[WhiteElo "2651"]
[BlackElo "2235"]
[WhiteFideId "2804344"]
[BlackFideId "4200110"]
[EventDate "2014.08.18"]

1. d4 Nf6 2. c4 e6 3. Nf3 c5 4. d5 b5 5. dxe6 fxe6 6. cxb5 a6 7. bxa6 d5 8. g3
Be7 9. Bh3 O-O 10. O-O Rxa6 11. Nbd2 Qe8 12. Re1 Qh5 13. Bg2 c4 14. Nf1 Nbd7 15.
h3 Ne4 16. Be3 Bf6 17. Bd4 Bb7 18. Bxf6 Rxf6 19. Ne3 Ndc5 20. Qd4 Rf8 21. Ng4
Rfa8 22. Kh2 Rxa2 23. Rxa2 Rxa2 24. Nfe5 Qe8 25. f3 Nb3 26. Qe3 Nd6 27. Qg5 Kh8
28. h4 Ra8 29. h5 Nf7 30. Nxf7+ Qxf7 31. h6 Nd4 32. Qe5 Nf5 33. e4 dxe4 34. fxe4
Ne7 35. Rf1 Qg6 36. Qc7 Qxg4 37. Qxe7 Rg8 38. Qxb7 gxh6 39. Qc7 1-0

[Event "4th Isthmia Open 2014"]
[Site "Vrachati GRE"]
[Date "2014.08.19"]
[Round "2.3"]
[White "Tzouganakis, Panteleimon"]
[Black "Banikas, Hristos"]
[Result "0-1"]
[BlackTitle "GM"]
[WhiteElo "2199"]
[BlackElo "2644"]
[WhiteFideId "4215826"]
[BlackFideId "4202031"]
[EventDate "2014.08.18"]

1. e4 c5 2. Nf3 d6 3. d4 cxd4 4. Nxd4 Nf6 5. Nc3 a6 6. Bc4 e6 7. Bb3 Be7 8. O-O
O-O 9. f4 b5 10. e5 dxe5 11. fxe5 Nfd7 12. Be3 Bb7 13. Rxf7 Rxf7 14. Nxe6 Qc8
15. Nd5 Kh8 16. Qh5 Nxe5 17. Nb6 Qe8 18. Nxa8 Rf1+ 0-1

[Event "4th Isthmia Open 2014"]
[Site "Vrachati GRE"]
[Date "2014.08.19"]
[Round "2.4"]
[White "Liodakis, Konstantinos-Spyros"]
[Black "Nikolaidis, Ioannis"]
[Result "0-1"]
[BlackTitle "GM"]
[WhiteElo "2170"]
[BlackElo "2559"]
[WhiteFideId "4217136"]
[BlackFideId "4202139"]
[EventDate "2014.08.18"]

1. Nf3 Nf6 2. d4 g6 3. e3 Bg7 4. Bd3 d5 5. b3 c5 6. Bb2 cxd4 7. exd4 Nc6 8. a3
Ne4 9. Nbd2 Bf5 10. Qe2 Nxd2 11. Qxd2 Bxd3 12. Qxd3 Qa5+ 13. Qd2 Qa6 14. Qe2
Qxe2+ 15. Kxe2 Rc8 16. Kd3 Kd7 17. Ne5+ Bxe5 18. dxe5 Ke6 19. f4 h5 20. g3 a5
21. Rhf1 a4 22. b4 Na7 23. Rf2 Rc4 24. h3 Nb5 25. Raf1 Rhc8 26. g4 Nxa3 27. f5+
gxf5 28. gxf5+ Kd7 29. e6+ fxe6 30. fxe6+ Kd6 31. Ra1 Nxc2 32. Rxa4 Kxe6 33.
Re2+ Kd7 0-1

[Event "4th Isthmia Open 2014"]
[Site "Vrachati GRE"]
[Date "2014.08.19"]
[Round "2.5"]
[White "Kharitonov, Alexandr"]
[Black "Lekic, Lazar"]
[Result "1-0"]
[WhiteTitle "GM"]
[WhiteElo "2559"]
[BlackElo "2217"]
[WhiteFideId "4135202"]
[BlackFideId "900052"]
[EventDate "2014.08.18"]

1. d4 d5 2. c4 dxc4 3. Nf3 Nf6 4. e3 Bg4 5. Bxc4 e6 6. O-O a6 7. a3 Bd6 8. h3
Bh5 9. Nbd2 c5 10. dxc5 Bxc5 11. b4 Bd6 12. Bb2 Nbd7 13. Be2 O-O 14. Nc4 Bc7 15.
Rc1 b5 16. Ncd2 Qb8 17. Nb3 Ne5 18. Nbd4 Nxf3+ 19. Bxf3 Bxf3 20. Qxf3 e5 21. Nc6
Qe8 22. Qf5 Nd7 23. Rfd1 Nb6 24. Nxe5 Bxe5 25. Bxe5 Nc4 26. Bd6 Nxd6 27. Rxd6 a5
28. Rd5 axb4 29. axb4 1-0

[Event "4th Isthmia Open 2014"]
[Site "Vrachati GRE"]
[Date "2014.08.19"]
[Round "2.6"]
[White "Drakoulakos, Grigorios"]
[Black "Kotronias, Vasilios"]
[Result "0-1"]
[BlackTitle "GM"]
[WhiteElo "2161"]
[BlackElo "2552"]
[WhiteFideId "4264541"]
[BlackFideId "5900212"]
[EventDate "2014.08.18"]

1. e4 e5 2. Nf3 Nc6 3. Bb5 a6 4. Ba4 d6 5. c3 Bd7 6. O-O g6 7. d4 Bg7 8. d5 Nb8
9. Bxd7+ Nxd7 10. Re1 Ne7 11. a4 h6 12. Nbd2 f5 13. b3 O-O 14. c4 Nc5 15. Ba3 b6
16. b4 Nd3 17. Re3 Nf4 18. g3 Nh3+ 19. Kg2 Qd7 20. Ng1 Nxg1 21. Kxg1 h5 22. Bc1
Bh6 23. Re1 Bxd2 24. Bxd2 fxe4 25. Rxe4 b5 26. Bh6 Rfb8 27. cxb5 axb5 28. a5 Qf5
29. Re2 Qf3 30. Rc2 Qxd5 31. Rxc7 Qe6 32. Rac1 Nf5 33. Bg5 Rf8 34. Qd3 Nd4 35.
Re7 Qf5 36. Rcc7 Nf3+ 37. Kg2 Nxg5 38. Qd5+ Kh8 39. f4 h4 40. Qb7 Qh3+ 41. Kf2
hxg3+ 0-1

[Event "4th Isthmia Open 2014"]
[Site "Vrachati GRE"]
[Date "2014.08.19"]
[Round "2.7"]
[White "Halkias, Stelios"]
[Black "Grigoriadis, Alexandros"]
[Result "1-0"]
[WhiteTitle "GM"]
[BlackTitle "IM"]
[WhiteElo "2544"]
[BlackElo "2208"]
[WhiteFideId "4201809"]
[BlackFideId "4214994"]
[EventDate "2014.08.18"]

1. c4 e5 2. g3 Nc6 3. Nc3 Bc5 4. Bg2 Nf6 5. Nf3 d6 6. d3 O-O 7. O-O h6 8. e3 a6
9. a3 a5 10. b3 Bd7 11. Bb2 Re8 12. Qc2 Qc8 13. Nd5 Nh7 14. Bc3 Ba7 15. Rfe1 Bb8
16. b4 a4 17. h4 Ne7 18. Nxe7+ Rxe7 19. c5 Nf6 20. e4 Bh3 21. d4 Bxg2 22. Kxg2
Ng4 23. dxe5 dxe5 24. b5 Qe8 25. Rab1 Ba7 26. Bd2 Rd8 27. Re2 f5 28. Qxa4 Bb8
29. Be1 c6 30. bxc6 bxc6 31. exf5 Nf6 32. Qc4+ Kh8 33. Ba5 Rd5 34. Rbe1 Qd7 35.
Rb2 Ba7 36. Bc3 Rxc5 37. Qb3 Ng4 38. Bb4 e4 39. Bxc5 exf3+ 40. Qxf3 Rxe1 41.
Bxa7 Ne5 42. Rb8+ Kh7 43. Qb3 Qxf5 44. Rb4 Nf3 45. Rf4 Nd2 46. Rxf5 Nxb3 47. Rf3
Rb1 48. Rc3 Na5 49. Bc5 Rb3 50. Bb4 Rxc3 51. Bxc3 Nc4 52. a4 h5 53. a5 c5 1-0

[Event "4th Isthmia Open 2014"]
[Site "Vrachati GRE"]
[Date "2014.08.19"]
[Round "2.8"]
[White "Kouvatsos, Filippos"]
[Black "Rychagov, Andrey"]
[Result "0-1"]
[BlackTitle "GM"]
[WhiteElo "2157"]
[BlackElo "2544"]
[WhiteFideId "4205561"]
[BlackFideId "4119932"]
[EventDate "2014.08.18"]

1. d4 f5 2. Nf3 Nf6 3. g3 g6 4. Bg2 Bg7 5. b3 O-O 6. Bb2 d6 7. Nbd2 Nc6 8. Nc4
e6 9. a4 a5 10. O-O Qe8 11. e3 b6 12. Nfd2 Bb7 13. e4 fxe4 14. f3 d5 15. Ne3 Ba6
16. c4 Rd8 17. fxe4 Nxe4 18. Rxf8+ Qxf8 19. Nxe4 dxe4 20. Qg4 Nxd4 21. Bxe4 Bc8
22. Ba3 c5 23. Rf1 Nf5 24. Bc1 Qf6 25. Kh1 Qe5 26. Qf3 Nd6 27. Bc6 Qc3 28. Rd1
Qxb3 29. Qf4 Bd4 30. Rf1 Qc3 31. Ng4 Bg7 32. Qg5 Nf7 33. Qe7 Rf8 34. Be8 Qxc4
35. Bxf7+ Kh8 36. Ne3 Qe4+ 37. Kg1 Bb7 38. Kf2 Qf3+ 39. Ke1 Bc3+ 40. Bd2 Qxe3+ 0-1

[Event "4th Isthmia Open 2014"]
[Site "Vrachati GRE"]
[Date "2014.08.19"]
[Round "2.9"]
[White "Maiorov, Nikita1"]
[Black "Mouroutis, Konstantinos"]
[Result "1-0"]
[WhiteTitle "GM"]
[WhiteElo "2541"]
[BlackElo "2175"]
[WhiteFideId "13501720"]
[BlackFideId "4204689"]
[EventDate "2014.08.18"]

1. d4 d5 2. c4 e6 3. Nf3 Nf6 4. e3 Bb4+ 5. Nbd2 O-O 6. Bd3 dxc4 7. Bxc4 b6 8.
O-O Bb7 9. b3 Nbd7 10. Bb2 Re8 11. Qe2 Qe7 12. e4 Ba3 13. Bxa3 Qxa3 14. Bd3 Qe7
15. Nc4 Red8 16. Rac1 c5 17. e5 Ne8 18. Be4 Bd5 19. Bxd5 exd5 20. Ne3 Nf8 21.
Rfd1 Ng6 22. dxc5 Nf4 23. Qd2 Qe6 24. Nd4 Qxe5 25. Nc6 Qh5 26. Nxd8 Rxd8 27. f3
d4 28. Ng4 Qf5 29. Re1 Nd3 30. cxb6 axb6 31. Qc2 Nd6 32. Qc7 Qg5 33. f4 Nxf4 34.
h4 Qxh4 35. Qxd6 Nd3 36. Re7 Rf8 37. Rf1 Qxg4 38. Rexf7 1-0

[Event "4th Isthmia Open 2014"]
[Site "Vrachati GRE"]
[Date "2014.08.19"]
[Round "2.10"]
[White "Michelakos, Panagiotis"]
[Black "Mastrovasilis, Athanasios"]
[Result "1/2-1/2"]
[BlackTitle "GM"]
[WhiteElo "2146"]
[BlackElo "2526"]
[WhiteFideId "4216067"]
[BlackFideId "4201990"]
[EventDate "2014.08.18"]

1. c4 b6 2. Nc3 c5 3. Nf3 Bb7 4. g3 Bxf3 5. exf3 Nc6 6. Bg2 g6 7. O-O Bg7 8. f4
Nh6 9. Rb1 Nf5 10. b4 cxb4 11. Nd5 a5 12. a3 e6 13. Ne3 Rc8 14. Nxf5 gxf5 15. d3
Bc3 16. axb4 axb4 17. Bd2 O-O 18. Bxc6 dxc6 19. Bxc3 bxc3 20. Qc2 Qd4 21. Rfc1
Rfd8 22. Qxc3 Qxd3 23. Qxd3 Rxd3 24. Rxb6 Rd2 25. Kg2 Rc7 26. Kf3 c5 27. Rb5 Kg7
28. Ke3 Ra2 29. Kf3 Kg6 30. Kg2 Kf6 31. Rc3 Ke7 32. Rc1 h5 33. h4 Rd2 34. Rb8
Ra7 35. Rc8 Raa2 36. Rf1 Kd6 37. Rh8 Rac2 38. Rxh5 Rxc4 39. Rh8 Ke7 40. h5 Rcd4
41. Rc8 Rd8 42. Rxc5 Rh8 43. Rh1 Kf6 44. Rc7 Rh7 45. Kf3 Ra2 46. Rc8 Ra3+ 47.
Ke2 Ra2+ 48. Ke3 Ra3+ 49. Kd2 Ra2+ 50. Rc2 Ra8 51. Ke3 1/2-1/2

[Event "4th Isthmia Open 2014"]
[Site "Vrachati GRE"]
[Date "2014.08.19"]
[Round "2.11"]
[White "Makka, Evanthia"]
[Black "Karpatchev, Aleksandr"]
[Result "1/2-1/2"]
[BlackTitle "GM"]
[WhiteElo "2117"]
[BlackElo "2462"]
[WhiteFideId "4207513"]
[BlackFideId "4117182"]
[EventDate "2014.08.18"]

1. d4 Nf6 2. Nf3 c5 3. c3 d5 4. e3 Nbd7 5. Bd3 g6 6. O-O Bg7 7. b3 O-O 8. Bb2 e5
9. dxe5 Ng4 10. Be2 Ndxe5 11. h3 Nxf3+ 12. Bxf3 Nf6 13. Nd2 b6 14. c4 Bb7 15.
Qc2 Qe7 16. cxd5 Nxd5 17. Bxg7 Kxg7 18. Rad1 Rad8 19. Nc4 Qf6 20. Qb2 Ba8 21.
Qxf6+ Kxf6 22. a3 Nc3 23. Rxd8 Rxd8 24. Bxa8 Rxa8 25. Kh2 Rd8 26. Rc1 Ne4 27. f3
Ng5 28. Rc3 Rd1 29. Kg3 Ne6 30. Kf2 b5 31. Na5 Rd2+ 32. Kg3 Ra2 33. Nb7 Rxa3 34.
Nxc5 b4 35. Rc4 Nxc5 36. Rxc5 Rxb3 37. Ra5 Ra3 38. Rb5 Rxe3 39. Rxb4 Re7 40. Ra4
Ke6 41. Kf4 Kd6 42. Kg5 Kc5 43. Kf6 Rd7 44. Ra1 Kb4 45. Rb1+ Kc3 46. Ra1 Kd2 47.
Ra3 Ke2 48. f4 h5 49. g4 h4 50. Kg5 Rd5+ 51. Kf6 Rd7 52. Kg5 Rd5+ 53. Kf6 1/2-1/2

[Event "4th Isthmia Open 2014"]
[Site "Vrachati GRE"]
[Date "2014.08.19"]
[Round "2.12"]
[White "Kouvatsou, Maria"]
[Black "Sandalakis, Angelos"]
[Result "0-1"]
[WhiteTitle "WGM"]
[WhiteElo "2100"]
[BlackElo "2406"]
[WhiteFideId "4203593"]
[BlackFideId "4207645"]
[EventDate "2014.08.18"]

1. e4 e6 2. d4 d5 3. exd5 exd5 4. c4 Nf6 5. Nc3 Be7 6. cxd5 Nxd5 7. Bd3 Nc6 8.
Nge2 O-O 9. O-O Be6 10. Re1 Re8 11. a3 Bf8 12. Ne4 Bf5 13. f3 Bg6 14. Bg5 Be7
15. Bxe7 Rxe7 16. Qd2 Nb6 17. Bc2 Nc4 18. Qc3 Nd6 19. d5 Nxe4 20. Bxe4 Bxe4 21.
fxe4 Ne5 22. Nd4 g6 23. Rad1 Qd6 24. Qg3 Kh8 25. Kh1 Rae8 26. Nb5 Qb6 27. d6
cxd6 28. Nxd6 Rf8 29. Rd5 f6 30. b3 Qa6 31. Nb5 Rd7 32. Red1 Qxb5 33. Rxd7 Nxd7
34. Qd6 Rf7 35. Qe6 Kg7 36. h3 Nf8 0-1

[Event "4th Isthmia Open 2014"]
[Site "Vrachati GRE"]
[Date "2014.08.19"]
[Round "3.1"]
[White "Delchev, Aleksander"]
[Black "Maiorov, Nikita1"]
[Result "1/2-1/2"]
[WhiteTitle "GM"]
[BlackTitle "GM"]
[WhiteElo "2655"]
[BlackElo "2541"]
[WhiteFideId "2900394"]
[BlackFideId "13501720"]
[EventDate "2014.08.18"]

1. e4 e5 2. Nf3 Nc6 3. Bb5 a6 4. Ba4 Nf6 5. O-O Be7 6. d3 d6 7. c4 O-O 8. h3 Nd7
9. Be3 Bf6 10. Nc3 g6 11. Nd5 Bg7 12. b4 Nd4 13. Nxd4 exd4 14. Bd2 c6 15. Nf4 b5
16. Bb3 bxc4 17. Bxc4 Ne5 18. Rc1 Bd7 19. Ne2 Qb6 20. a3 Rac8 21. Bf4 Nxc4 22.
Rxc4 c5 23. Qd2 a5 24. bxc5 dxc5 25. Bh6 Be6 26. Bxg7 Kxg7 27. Rcc1 c4 28. dxc4
Bxc4 29. Rb1 1/2-1/2

[Event "4th Isthmia Open 2014"]
[Site "Vrachati GRE"]
[Date "2014.08.19"]
[Round "3.2"]
[White "Rychagov, Andrey"]
[Black "Postny, Evgeny"]
[Result "1/2-1/2"]
[WhiteTitle "GM"]
[BlackTitle "GM"]
[WhiteElo "2544"]
[BlackElo "2651"]
[WhiteFideId "4119932"]
[BlackFideId "2804344"]
[EventDate "2014.08.18"]

1. d4 d5 2. c4 c6 3. cxd5 cxd5 4. Bf4 Nc6 5. e3 Nf6 6. Nc3 a6 7. Bd3 Bg4 8. Nge2
e6 9. O-O Bd6 10. f3 Bh5 11. Rc1 Bg6 12. Na4 O-O 13. Nc5 Bxc5 14. Rxc5 Nd7 15.
Rc3 Re8 16. Bxg6 hxg6 17. Qb3 Qb6 18. Rfc1 1/2-1/2

[Event "4th Isthmia Open 2014"]
[Site "Vrachati GRE"]
[Date "2014.08.19"]
[Round "3.3"]
[White "Banikas, Hristos"]
[Black "Malikentzos, Sotirios"]
[Result "1/2-1/2"]
[WhiteTitle "GM"]
[BlackTitle "FM"]
[WhiteElo "2644"]
[BlackElo "2380"]
[WhiteFideId "4202031"]
[BlackFideId "4215079"]
[EventDate "2014.08.18"]

1. d4 d5 2. c4 e6 3. Nc3 Nf6 4. Bg5 Nbd7 5. e3 c6 6. a3 Be7 7. Nf3 h6 8. Bh4 O-O
9. Bd3 b6 10. O-O Bb7 11. Qe2 c5 12. Rfd1 Ne4 13. Bg3 cxd4 14. exd4 Nxg3 15.
hxg3 Nf6 16. Ne5 Bd6 17. cxd5 Nxd5 18. Qe4 f5 19. Qe2 Nxc3 20. bxc3 Bxe5 21.
Qxe5 Qd5 22. Qxd5 Bxd5 23. c4 1/2-1/2

[Event "4th Isthmia Open 2014"]
[Site "Vrachati GRE"]
[Date "2014.08.19"]
[Round "3.4"]
[White "Nikolaidis, Ioannis"]
[Black "Verstraeten, Rein"]
[Result "1-0"]
[WhiteTitle "GM"]
[BlackTitle "FM"]
[WhiteElo "2559"]
[BlackElo "2298"]
[WhiteFideId "4202139"]
[BlackFideId "223654"]
[EventDate "2014.08.18"]

1. d4 Nf6 2. c4 g6 3. Nc3 Bg7 4. Nf3 O-O 5. Bf4 c5 6. d5 d6 7. e3 Qa5 8. Nd2 a6
9. a4 Qc7 10. Be2 e5 11. dxe6 fxe6 12. O-O Nc6 13. Nde4 Nxe4 14. Nxe4 Rxf4 15.
exf4 Nd4 16. Ng5 Bd7 17. Bg4 Rf8 18. Re1 Rf6 19. Ra3 h6 20. Nf3 Rxf4 21. Nxd4
Bxd4 22. Kh1 Rxf2 23. Rf3 Qd8 24. Bxe6+ Kg7 25. Bxd7 Qxd7 26. Rxf2 Bxf2 27. Rf1
Bd4 28. Qe2 h5 29. b3 Be5 30. Qe4 Qe7 31. g3 Kh6 32. Kg2 a5 33. Qf3 Kg7 34. g4
hxg4 35. Qxg4 Bd4 36. h4 Kh6 37. Kh3 b6 38. Qf4+ Kg7 39. Qg4 Qe3+ 40. Qg3 Qe6+
41. Qg4 Qe3+ 42. Qf3 Qe6+ 43. Kg2 Qe7 44. Qg4 Kh6 45. Qg5+ Qxg5+ 46. hxg5+ Kxg5
47. Rf7 Kg4 48. Rd7 Kf4 49. Rxd6 Ke4 50. Rxg6 Kd3 51. Rxb6 Bc3 52. Kf3 Kc2 53.
Ke4 Bb4 54. Rxb4 cxb4 55. c5 Kxb3 56. c6 Ka2 57. c7 b3 58. c8=Q b2 59. Qc2 Ka1
60. Kd3 1-0

[Event "4th Isthmia Open 2014"]
[Site "Vrachati GRE"]
[Date "2014.08.19"]
[Round "3.5"]
[White "Sandalakis, Angelos"]
[Black "Kharitonov, Alexandr"]
[Result "1/2-1/2"]
[BlackTitle "GM"]
[WhiteElo "2406"]
[BlackElo "2559"]
[WhiteFideId "4207645"]
[BlackFideId "4135202"]
[EventDate "2014.08.18"]

1. d4 Nf6 2. c4 e6 3. g3 c5 4. Nf3 cxd4 5. Nxd4 Qc7 6. Nd2 Bc5 7. N4b3 Be7 8.
Bg2 O-O 9. O-O Rd8 10. Nd4 d5 11. cxd5 Nxd5 12. Qc2 Qxc2 13. Nxc2 Nc6 14. Nc4 e5
15. N4e3 Be6 16. Nxd5 Bxd5 17. Bxd5 Rxd5 18. e4 Rd7 19. Be3 Rad8 1/2-1/2

[Event "4th Isthmia Open 2014"]
[Site "Vrachati GRE"]
[Date "2014.08.19"]
[Round "3.6"]
[White "Kotronias, Vasilios"]
[Black "Stathopoulos, Ioannis"]
[Result "1-0"]
[WhiteTitle "GM"]
[BlackTitle "FM"]
[WhiteElo "2552"]
[BlackElo "2271"]
[WhiteFideId "5900212"]
[BlackFideId "4223098"]
[EventDate "2014.08.18"]

1. e4 e5 2. Nf3 Nc6 3. Bb5 a6 4. Ba4 Nf6 5. O-O Be7 6. Re1 b5 7. Bb3 O-O 8. h3
Bb7 9. d3 d6 10. a3 Qd7 11. Nc3 Nd8 12. Ne2 Ne6 13. Ng3 Rfe8 14. c3 c5 15. Ba2
Bd8 16. b4 cxb4 17. axb4 a5 18. Be3 Bc7 19. Ng5 d5 20. Nxe6 Rxe6 21. Bb3 Rea6
22. Bc5 Bd6 23. Nf5 Bxc5 24. bxc5 a4 25. Ba2 Rc8 26. Nd6 Rxd6 27. cxd6 dxe4 28.
dxe4 Rxc3 29. Qd2 Rc6 30. Rad1 h6 31. f4 Rc5 32. Qf2 Rc8 33. fxe5 Nxe4 34. Qf4
Ng5 35. Rc1 Rc6 36. h4 Ne6 37. Qg4 h5 38. Bxe6 fxe6 39. Qxh5 b4 40. Qg4 b3 41.
Qxa4 Rxc1 42. Qxd7 Rxe1+ 43. Kh2 b2 44. Qe8+ Kh7 45. Qh5+ Kg8 46. d7 1-0

[Event "4th Isthmia Open 2014"]
[Site "Vrachati GRE"]
[Date "2014.08.19"]
[Round "3.7"]
[White "Kourkoulos-Arditis, Stamatis"]
[Black "Halkias, Stelios"]
[Result "1/2-1/2"]
[WhiteTitle "FM"]
[BlackTitle "GM"]
[WhiteElo "2296"]
[BlackElo "2544"]
[WhiteFideId "4221990"]
[BlackFideId "4201809"]
[EventDate "2014.08.18"]

1. Nf3 d5 2. g3 c6 3. Bg2 Bg4 4. c4 e6 5. O-O Nd7 6. d3 Bd6 7. cxd5 cxd5 8. Nc3
Ngf6 9. h3 Bxf3 10. Bxf3 O-O 11. e4 dxe4 12. dxe4 Be5 13. Qe2 Rc8 14. Rd1 a6 15.
Be3 Qa5 16. Rab1 b5 17. Qe1 Bxc3 18. bxc3 Qxc3 19. Qxc3 Rxc3 20. Rd6 Ne5 21. Bg2
Nc4 22. Rxa6 Nxe3 23. fxe3 Rxe3 24. Kf2 Rd3 25. Rxb5 h6 26. Bf3 Rc8 27. Rb3 Rc2+
28. Ke1 Rxb3 29. axb3 Rc3 30. Kf2 Rc2+ 31. Ke3 Rc3+ 32. Kf2 Rxb3 33. Ra8+ Kh7
34. Rf8 Rb2+ 35. Kg1 Rb1+ 36. Kf2 Rb2+ 37. Kg1 Rb3 38. Kf2 Rb7 39. e5 Nd5 40.
Rd8 Rb2+ 41. Ke1 Rb1+ 42. Kf2 Rb2+ 43. Ke1 Ne7 44. Rd7 Ng6 45. Rxf7 Nxe5 46.
Be4+ Kg8 47. Re7 Rb6 48. Bf5 exf5 49. Rxe5 Rb3 50. Kf2 g6 51. Re7 Rd3 52. Kg2
Rd6 53. Kf3 g5 54. Re5 Rf6 55. h4 Kf7 56. hxg5 hxg5 57. g4 Kg6 58. Rxf5 1/2-1/2

[Event "4th Isthmia Open 2014"]
[Site "Vrachati GRE"]
[Date "2014.08.19"]
[Round "3.8"]
[White "Mastrovasilis, Athanasios"]
[Black "Tsolakidou, Stavroula"]
[Result "1-0"]
[WhiteTitle "GM"]
[BlackTitle "WFM"]
[WhiteElo "2526"]
[BlackElo "2240"]
[WhiteFideId "4201990"]
[BlackFideId "4264312"]
[EventDate "2014.08.18"]

1. c4 e6 2. Nc3 Bb4 3. Nf3 Nf6 4. g3 c5 5. Bg2 Nc6 6. O-O O-O 7. d4 cxd4 8. Nxd4
Ne5 9. Qb3 Bc5 10. Be3 d6 11. Na4 Nfg4 12. Nxc5 dxc5 13. Nb5 a6 14. Rfd1 Qb6 15.
Rd6 Nc6 16. Nc3 Qa5 17. Bxc6 Nxe3 18. fxe3 Qc7 19. Rad1 bxc6 20. Qa3 Rb8 21. b3
Rb4 22. Na4 e5 23. Qb2 f6 24. Qd2 a5 25. Rd8 Qe7 26. Qd6 Qxd6 27. R8xd6 Bg4 28.
Kf2 f5 29. Rd8 Rb8 30. Rxb8 Rxb8 31. Nxc5 f4 32. exf4 exf4 33. gxf4 Re8 34. Rd2
g5 35. fxg5 Kg7 36. h4 h6 37. Kg3 Bxe2 38. Rd7+ Kg8 39. gxh6 Re5 40. Rg7+ Kh8
41. Rg5 Re8 42. Nd7 a4 43. Ne5 Kh7 44. bxa4 Kxh6 45. a5 Ra8 46. Kf2 Bh5 47. Nxc6
Rf8+ 48. Ke3 Rf3+ 49. Kd4 Ra3 50. Nb4 Bf3 51. a6 Be2 52. Re5 Bf1 53. Re7 Kh5 54.
Re3 Ra4 55. Kc5 1-0

[Event "4th Isthmia Open 2014"]
[Site "Vrachati GRE"]
[Date "2014.08.19"]
[Round "3.9"]
[White "Zygouris, Hristos"]
[Black "Papaioannou, Ioannis"]
[Result "1/2-1/2"]
[BlackTitle "GM"]
[WhiteElo "2187"]
[BlackElo "2641"]
[WhiteFideId "4200292"]
[BlackFideId "4201345"]
[EventDate "2014.08.18"]

1. Nf3 Nf6 2. g3 d5 3. Bg2 c6 4. O-O Bf5 5. d3 e6 6. c4 dxc4 7. dxc4 Qxd1 8.
Rxd1 Nbd7 9. Nc3 Be7 10. Bf4 h6 11. h3 g5 12. Bd6 Bxd6 13. Rxd6 Ke7 14. Rdd1 e5
15. b4 Rhd8 16. Nd2 Nb6 17. c5 Bc2 18. cxb6 Bxd1 19. Rxd1 axb6 20. a4 Rd4 21. b5
Rad8 22. Ncb1 Rxa4 23. bxc6 bxc6 24. Bxc6 Ra1 25. Rf1 Rc8 26. Bb5 Nd5 27. Bc4
Nb4 28. Nc3 Rxf1+ 29. Kxf1 Kf8 30. e3 Ra8 31. Ke2 Ra1 32. Nce4 Ke7 33. g4 Nc2
34. Ng3 Na3 35. Nf5+ Kf8 36. Bd5 Nb5 37. Ne4 Nc7 38. Bb3 Ra3 39. Nd2 b5 40. Nxh6
Ne6 41. Nf5 Nc5 42. Bd5 Na4 43. Bb3 Nc5 44. Bd5 Na4 45. Bb3 Nc5 1/2-1/2

[Event "4th Isthmia Open 2014"]
[Site "Vrachati GRE"]
[Date "2014.08.19"]
[Round "3.10"]
[White "Ladopoulos, Dimitrios"]
[Black "Antic, Dejan"]
[Result "0-1"]
[BlackTitle "GM"]
[WhiteElo "2137"]
[BlackElo "2485"]
[WhiteFideId "4239580"]
[BlackFideId "901008"]
[EventDate "2014.08.18"]

1. e4 e6 2. d4 d5 3. Nc3 Nf6 4. e5 Nfd7 5. f4 c5 6. Nf3 Be7 7. Be3 b6 8. Ne2 Nc6
9. c3 Ba6 10. f5 exf5 11. Nf4 Bxf1 12. Rxf1 cxd4 13. cxd4 Nf8 14. Qb3 Ne6 15.
Nxd5 O-O 16. O-O-O Na5 17. Nxe7+ Qxe7 18. Qd3 Qb4 19. Kb1 Nc4 20. b3 Rac8 21.
Bc1 b5 22. Rf2 g6 23. Ka1 Nb6 24. Bb2 Nd5 25. h3 Qa5 26. Ne1 Rc6 27. a3 Rfc8 28.
g4 Nef4 29. Rxf4 Nxf4 30. Qf3 g5 31. gxf5 b4 32. a4 Rc3 33. Bxc3 bxc3 34. Nc2
Rb8 35. Ka2 Qb6 36. Rb1 Qh6 37. Rg1 Kh8 38. h4 gxh4 39. Rg4 Nd5 40. Rg1 Nb4+ 41.
Kb1 Nxc2 42. Qxc3 Qe3 43. Qxe3 Nxe3 44. Rg5 Rxb3+ 45. Ka2 Rb4 46. e6 f6 47. d5
Nxd5 0-1

[Event "4th Isthmia Open 2014"]
[Site "Vrachati GRE"]
[Date "2014.08.19"]
[Round "3.11"]
[White "Karpatchev, Aleksandr"]
[Black "Michelakos, Panagiotis"]
[Result "1/2-1/2"]
[WhiteTitle "GM"]
[WhiteElo "2462"]
[BlackElo "2146"]
[WhiteFideId "4117182"]
[BlackFideId "4216067"]
[EventDate "2014.08.18"]

1. e4 c5 2. Nf3 d6 3. Bb5+ Nc6 4. O-O Bd7 5. Re1 Nf6 6. c3 a6 7. Bf1 Bg4 8. h3
Bxf3 9. Qxf3 g6 10. d3 Bg7 11. Qd1 O-O 12. Nd2 b5 13. Nf3 Nd7 14. Be3 e5 15. d4
Qc7 16. dxe5 Ndxe5 17. Nxe5 Bxe5 18. Qc2 Rab8 19. a3 Qe7 20. Rad1 c4 21. f4 Bg7
22. g3 Qc7 23. h4 Na5 24. Rd5 Nb3 25. Red1 Rfd8 26. h5 Qe7 27. hxg6 hxg6 28. Bg2
Nc5 29. Bxc5 dxc5 30. e5 Rxd5 31. Rxd5 Rd8 32. Qd2 Rxd5 33. Qxd5 g5 34. Qa8+ Bf8
35. Qf3 Qe6 36. Kh2 Qf5 37. Qh5 Be7 38. Bd5 Kg7 39. Bf3 Qc2+ 40. Kh3 Qf5+ 41.
Qg4 Qh7+ 42. Qh5 Qf5+ 1/2-1/2

[Event "4th Isthmia Open 2014"]
[Site "Vrachati GRE"]
[Date "2014.08.19"]
[Round "3.12"]
[White "Dimitrov, Atanas"]
[Black "Anagnostopoulos, Konstantinos"]
[Result "1/2-1/2"]
[WhiteTitle "IM"]
[WhiteElo "2324"]
[BlackElo "2137"]
[WhiteFideId "2901315"]
[BlackFideId "4251067"]
[EventDate "2014.08.18"]

1. c4 Nf6 2. Nc3 d5 3. cxd5 Nxd5 4. g3 g6 5. Bg2 Nxc3 6. bxc3 Bg7 7. Rb1 O-O 8.
Rxb7 Bxb7 9. Bxb7 Nd7 10. Bxa8 Qxa8 11. Nf3 Qc6 12. O-O Qc4 13. a4 Rb8 14. d3
Qxc3 15. Be3 c5 16. Nd2 Bd4 17. Ne4 Qa3 18. Bxd4 cxd4 19. Qc2 Rb2 20. Qc7 Qxa4
21. Qd8+ Kg7 22. Qxe7 Rxe2 23. Rc1 Qb5 24. Qxf7+ Kxf7 25. Nd6+ Ke6 26. Nxb5 Kd5
27. Nc7+ Kd6 28. Nb5+ Kd5 29. Nc7+ Kd6 30. Nb5+ Kd5 31. Rc7 Nc5 32. Rxh7 1/2-1/2